000 00736nam a2200193Ii 4500
003 JO-AjNU
008 230605s9999||||xx |||||||||||||| ||und||
040 _aJO-AjNU
_bara
_erda
_cJO-AjNU
041 _aara
050 1 4 _aLC4704.2021
100 3 _aالعطار، حيدر ابراهيم,
_eauthor
_963817
245 0 0 _aصعوبات التعلم بين النظرية والتطبيق
264 3 1 _aعمان: دار كفاءة المعرفة للنشر والتوزيع، 2021
300 _a210ص
336 _atext
_btxt
_2rdacontent
337 _aunmediated
_bn
_2rdamedia
338 _avolume
_bnc
_2rdacarrier
650 4 _aصعوبات التعلم-الاضطراب-الطلاب المعوقون-التربية الخاصة
_963818
999 _aA28967
_c32535
_d32535